00419 2200157 4500001002100000008004100021035002000062245004800082100001900130260004000149300002000189082000800209650001800217990001300235990001300248INLIS000000000000297 ind  a0010-0322000297 aTHE OX AND THE FLEA AND OTHER STORIEScIKHA aDIDIK DJUNAEDI aJAKARTAbPT GADING INTI PRIMAc2015 a54 hlm.c25 cm. a823 aFIKSI INGGRIS a102466-1 a102466-2